|
|
|
|
| LEADER |
03467nam a22005053i 4500 |
| 001 |
EBC6422576 |
| 003 |
MiAaPQ |
| 005 |
20231204023215.0 |
| 006 |
m o d | |
| 007 |
cr cnu|||||||| |
| 008 |
231204s2018 xx o ||||0 ger d |
| 020 |
|
|
|a 9783658208011
|q (electronic bk.)
|
| 020 |
|
|
|z 9783658208004
|
| 035 |
|
|
|a (MiAaPQ)EBC6422576
|
| 035 |
|
|
|a (Au-PeEL)EBL6422576
|
| 035 |
|
|
|a (OCoLC)1045383675
|
| 040 |
|
|
|a MiAaPQ
|b eng
|e rda
|e pn
|c MiAaPQ
|d MiAaPQ
|
| 050 |
|
4 |
|a HD72-88
|
| 100 |
1 |
|
|a Meier, Friedhelm.
|
| 245 |
1 |
0 |
|a Risikoadaptierte Prävention :
|b Governance Perspective Für Leistungsansprüche Bei Genetischen (Brustkrebs-)Risiken.
|
| 250 |
|
|
|a 1st ed.
|
| 264 |
|
1 |
|a Wiesbaden :
|b Springer Fachmedien Wiesbaden GmbH,
|c 2018.
|
| 264 |
|
4 |
|c {copy}2018.
|
| 300 |
|
|
|a 1 online resource (55 pages)
|
| 336 |
|
|
|a text
|b txt
|2 rdacontent
|
| 337 |
|
|
|a computer
|b c
|2 rdamedia
|
| 338 |
|
|
|a online resource
|b cr
|2 rdacarrier
|
| 490 |
1 |
|
|a Essentials Series
|
| 505 |
0 |
|
|a Intro -- Was Sie in diesem essential finden können -- Inhaltsverzeichnis -- Über die Autoren -- 1 Einleitung -- 2 Ist die ausdrückliche Regelung sozialrechtlicher Leistungsansprüche für Personen mit hohen und moderaten Risiken geboten? -- 2.1 Aus medizinischer Perspektive -- 2.1.1 Krankheit als ein mehrdimensionaler Begriff -- 2.1.2 Die Entwicklung in der Medizin hin zur Systemmedizin -- 2.1.3 Konkretion: Der Fall des hereditären Brustkrebses -- 2.1.4 Zwischenfazit -- 2.2 Aus sozialrechtlicher Perspektive -- 2.3 Aus gesundheitsökonomischer Perspektive -- 2.4 Aus sozialethischer Perspektive -- 2.5 Resümee -- 3 Wie können Leistungsansprüche von Personen mit hohen und moderaten Risiken geregelt werden? -- 3.1 Die Frage des medizinischen Behandlungsbedarfs -- 3.2 Das ‚healthy sick'-Modell: Kriterien zur sozialrechtlichen Berücksichtigung von Personen mit hohen und moderaten Risiken -- 3.3 Sozialrechtliche Begrifflichkeit -- 3.3.1 Sozialrechtliche Berücksichtigung anhand der Kategorien der Prävention bzw. Vorsorge -- 3.3.2 Sozialrechtlich-pragmatisches Modell. Regelung mittels der Krankenbehandlung -- 3.3.3 Sozialrechtliche Berücksichtigung anhand der risikoadaptierten Prävention -- 4 Welchen Risikokollektiven gilt die Regelung sozialrechtlicher Leistungsansprüche anhand der ‚risikoadaptierten Prävention'? -- 5 Welche prophylaktischen Maßnahmen sollen welchem individuellen Risiko zugeordnet werden (Allokationskriterien)? -- 6 Empfehlungen -- Was Sie aus diesem essential mitnehmen können -- Literatur.
|
| 588 |
|
|
|a Description based on publisher supplied metadata and other sources.
|
| 590 |
|
|
|a Electronic reproduction. Ann Arbor, Michigan : ProQuest Ebook Central, 2023. Available via World Wide Web. Access may be limited to ProQuest Ebook Central affiliated libraries.
|
| 655 |
|
4 |
|a Electronic books.
|
| 700 |
1 |
|
|a Harney, Anke.
|
| 700 |
1 |
|
|a Rhiem, Kerstin.
|
| 700 |
1 |
|
|a Neumann, Anja.
|
| 700 |
1 |
|
|a Neusser, Silke.
|
| 700 |
1 |
|
|a Braun, Matthias.
|
| 700 |
1 |
|
|a Wasem, Jürgen.
|
| 700 |
1 |
|
|a Schmutzler, Rita.
|
| 700 |
1 |
|
|a Huster, Stefan.
|
| 700 |
1 |
|
|a Dabrock, Peter.
|
| 776 |
0 |
8 |
|i Print version:
|a Meier, Friedhelm
|t Risikoadaptierte Prävention
|d Wiesbaden : Springer Fachmedien Wiesbaden GmbH,c2018
|z 9783658208004
|
| 797 |
2 |
|
|a ProQuest (Firm)
|
| 830 |
|
0 |
|a Essentials Series
|
| 856 |
4 |
0 |
|u https://ebookcentral.proquest.com/lib/matrademy/detail.action?docID=6422576
|z Click to View
|